| 000 | 00841nmm a2200301 a 4500 | ||
|---|---|---|---|
| 003 | AR-BaBNM | ||
| 005 | 20251128211032.0 | ||
| 008 | 242020s1998 ||||||||||||||000 | spa|| | ||
| 020 | _a0-325-00052-2 | ||
| 040 | _cAR-BaBNM | ||
| 100 | 1 | _aHenkin, Roxanne | |
| 245 | 1 | 0 |
_aWho's invited to share? _busing literacy to teach for equity and social justice |
| 260 |
_aPortsmouth _bHeinemann _c1998 |
||
| 300 | 0 |
_a170 p. _bfot. |
|
| 500 | 0 | _aContiene apéndices | |
| 650 | 4 | _aENSENANZA DE LA ESCRITURA | |
| 650 | 4 | _aENSENANZA DE LA LECTURA | |
| 650 | 4 | _aEDUCACION MULTICULTURAL | |
| 650 | 4 | _aJUSTICIA SOCIAL | |
| 650 | 4 | _aDISCRIMINACION | |
| 653 | _aEDUCACION EN LA DIVERSIDAD | ||
| 653 | _aTEMAS TRANSVERSALES | ||
| 653 | _aESTRATEGIAS DIDACTICAS | ||
| 653 | _aEQUIDAD | ||
| 653 | _aGENERO | ||
| 942 | _cBK | ||
| 998 | _craquel | ||
| 999 |
_c17980 _d17980 |
||